000 00384nam a22001697a 4500
005 20180618112032.0
008 160620b xxu||||| |||| 00| 0 eng d
020 _a0-07-048368-X
041 _aeng
082 _b8372
_a658.15
100 _aRaj, A Basant C
_94378
245 _aCorporate Financial Mgt.
260 _bTMH
300 _a172
650 _aManagement
_9241
942 _cBK
999 _c3208
_d3207